Suzuki Satsu zen mukashibanashishū /
Disimpan dalam:
| Pengarang-pengarang Lain: | , , , |
|---|---|
| Format: | Buku |
| Bahasa: | Japanese |
| Diterbitkan: |
Tōkyō :
Suzuki Satsu Zen Mukashibanashishū Kankōkai,
1993.
|
| Edisi: | Shohan. |
| Subjek-subjek: | |
| Penanda-penanda: |
Tambah Penanda
Tiada Penanda, Jadilah orang pertama menanda rekod ini!
|
| LEADER | 01286cam a2200349 a 4500 | ||
|---|---|---|---|
| 001 | 007202169-1 | ||
| 005 | 20024617120653.0 | ||
| 008 | 940317s1993 ja ab 001 0 jpn d | ||
| 035 | 0 | |a ocm30141946 | |
| 040 | |a CtY |c CtY |d MH-HY |d CStRLIN | ||
| 043 | |a a-ja--- | ||
| 050 | 1 | 4 | |a GR341.T63 |b S8 1993x |
| 245 | 0 | 0 | |6 880-01 |a Suzuki Satsu zen mukashibanashishū / |c [katari Suzuki Satsu] ; Ozawa Toshio, Arakida Takako, Endō Atsushi hen. |
| 250 | |6 880-02 |a Shohan. | ||
| 260 | |6 880-03 |a Tōkyō : |b Suzuki Satsu Zen Mukashibanashishū Kankōkai, |c 1993. | ||
| 300 | |a 393 p. : |b ill., maps ; |c 22 cm. | ||
| 500 | |a Includes index. | ||
| 650 | 0 | |a Tales, Japan |z Japan |z Tōno-shi. | |
| 650 | 0 | |a Folklore |z Japan |z Tōno-shi. | |
| 700 | 1 | |6 880-04 |a Suzuki, Satsu. | |
| 700 | 1 | |6 880-05 |a Ozawa, Toshio, |d 1930- | |
| 700 | 1 | |6 880-06 |a Arakida, Takako. | |
| 700 | 1 | |6 880-07 |a Endō, Atsushi. | |
| 880 | 0 | 0 | |6 245-01 |a 鈴木サツ全昔話集/ |c [語り鈴木サツ] ; 小澤俊夫, 荒木田隆子, 遠藤篤篇. |
| 880 | |6 250-02 |a 初版. | ||
| 880 | |6 260-03 |a 東京: |b 鈴木サツ全昔話集刊行会, |c 1993. | ||
| 880 | 1 | |6 700-04 |a 鈴木サツ. | |
| 880 | 1 | |6 700-05 |a 小澤俊夫, |d 1930- | |
| 880 | 1 | |6 700-06 |a 荒木田隆子. | |
| 880 | 1 | |6 700-07 |a 遠藤篤. | |
| 988 | |a 20021217 | ||
| 906 | |0 OCLC | ||


